000 00764nam a22001937a 4500
005 20250511062518.0
999 _c17474
_d17474
008 221024b ||||| |||| 00| 0 eng d
082 _2DPer 910.46 T156 2019 v76PA-76PB
100 _aAssaf, A. George.
_eauthor.
_946491
245 _aNon-parametric regression for hypothesis testing in hospitality and tourism research /
_cA. George Assaf and Mike Tsionas.
260 _aAmsterdam :
_bElsevier,
_c©January 2019.
300 _avolume 76PA : pages 43-47 ;
_billustration.
500 _aInternational Journal of Hospitality Management. v 76PA : pages 43-47. Jan 2019.
650 _2Operation research.
650 _2Tourist trade.
650 _2Hospitality industry.
700 _aTsionas, Mike.
_eauthor.
_946492
942 _2ddc
_cPER